Избранное: Роман, повести, рассказы; Вторая жена; Ноль три; Красный свет; Новый сосед; Трое под одной крышей; Покинутый дом; Вина непрощенная; Кролики; Проигрыш на бегах; После развода; Золотая масть
| 1. Verfasser: | |
|---|---|
| Weitere Verfasser: | |
| Zusammenfassung: | Исключено из фонда НТБ ТПУ |
| Sprache: | Russisch |
| Veröffentlicht: |
Москва, Советский писатель, 1988
|
| TOC: | Вторая жена; Ноль три; Красный свет; Новый сосед; Трое под одной крышей; Покинутый дом; Вина непрощенная; Кролики; Проигрыш на бегах; После развода; Золотая масть; |
| Format: | MixedMaterials Buch |
| KOHA link: | https://koha.lib.tpu.ru/cgi-bin/koha/opac-detail.pl?biblionumber=131445 |
MARC
| LEADER | 00000nam0a2200000 4500 | ||
|---|---|---|---|
| 001 | 131445 | ||
| 005 | 20231031134454.0 | ||
| 010 | |a 5265002944 | ||
| 020 | |a RU |b 88-58883 | ||
| 035 | |a (RuTPU)RU\TPU\book\142369 | ||
| 090 | |a 131445 | ||
| 100 | |a 20080218d1988 m y0rusy5003 ca | ||
| 101 | 0 | |a rus | |
| 102 | |a RU | ||
| 105 | |a y z 000ay | ||
| 200 | 1 | |a Избранное |e Роман, повести, рассказы |f Н. Адамян |g авт. предисл. В. Росляков | |
| 210 | |a Москва |c Советский писатель |d 1988 | ||
| 215 | |a 656 с. |d 21 см | ||
| 333 | |a Исключено из фонда НТБ ТПУ | ||
| 464 | |t Вторая жена |o роман | ||
| 464 | |t Ноль три; Красный свет; Новый сосед; Трое под одной крышей |o повести | ||
| 464 | |t Покинутый дом; Вина непрощенная; Кролики; Проигрыш на бегах; После развода; Золотая масть |o рассказы | ||
| 675 | |a Р2 |z rus | ||
| 700 | 1 | |a Адамян |b Н. |g Нора |4 070 | |
| 702 | 1 | |a Росляков |b В. |4 080 | |
| 801 | 0 | |a RU |b RuMRKP |c 19950417 |g psbo | |
| 801 | 1 | |a RU |b 63413507 |c 20080218 |g PSBO | |
| 801 | 2 | |a RU |b 63413507 |c 20221123 |g PSBO | |
| 942 | |c BK | ||